000 00768 a2200229 4500
001 48374
005 20260407155748.0
008 260407a2018 arg spa d
003 AR-UNSa-BCEJYS
040 _aAR-UNSa-BCEJYS
_bspa
_cAR-UNSa-BCEJYS
080 _a656.2
_xTransporte Ferroviario. Tráfico ferroviario
245 1 0 _aLa cuestión ferroviaria en la Argentina
020 _a978-987-691-655-4
264 1 _aBuenos Aires :
_bBiblos
_c2018
300 _a372 p.
_c25 cm.
505 _a1. Ferrocarril y automotor: conceptos generales - 2.
041 _aspa
942 _cBK
590 _aniveau_biblio:m niveau_hierar:0
100 1 _aMüller, Alberto
856 4 1 _uhttps://www.biblioeco.unsa.edu.ar/pmb/images/libros/L127887.jpg
_yImagen de portada
_qimage/jpeg
999 _c4582
_d4582